Raftax Ballon d'or 2025 - Statistiques

Statistiques générales
  • Ce quiz a été pris 116 fois
  • Le résultat moyen est 22 sur 50
Statistiques - réponses
Place Club Nationalité Réponse % Correct
5 PSG France Dembele
89%
1 Barcelone Brazil Raphinha
84%
4 Barcelone Racisteland Yamal
84%
6 Liverpool Pyramides Salah
78%
3 Barcelone Polak Lewandowski
77%
2 Barcelone Racisteland Pedri
74%
28 Réal Madrid France Mbappé
67%
22 PSG Maroc Hakimi
65%
25 Réal Madrid Brazil Vinicius
60%
15 PSG Portugal Vitinha
58%
11 Bayern England Kane
56%
50 Inter Milan France Thuram
55%
39 PSG France Doué
53%
16 PSG Portugal aussi Neves
49%
36 PSG Empire Romain Donnarumma
48%
21 Arsenal England Saka
48%
27 Réal Madrid Uruguay Valverde
48%
37 PSG France Barcola
47%
24 Bayern France Olise
47%
45 PSG Equator Pacho
47%
13 Inter Milan Empire Romain Barella
45%
8 Inter Milan Naziland Lautaro
45%
10 Arsenal England Rice
45%
32 Arsenal France Saliba
45%
18 Inter Milan Suisse Sommer
45%
38 Barcelone France Kounde
44%
35 PSG Portugal Mendes
44%
47 Manchester City Norway Haaland
42%
43 OL Les cités de france Cherki
41%
26 Newcastle Suède Isaak
40%
41 Chelsea England Palmer
39%
29 Bayer Leverkusen Reich Wirtz
39%
14 Liverpool Pays Bas Van Dijk
36%
17 Inter Milan Empire Romain Bastoni
35%
20 Sporting Suède Gyokeres
35%
23 Bayern Reich Musiala
35%
33 Manchester City Croatie Gvardiol
34%
30 BvB Afrique Guirassy
33%
9 Bayern Reich Kimmich
33%
19 Arsenal brazil Gabriel
32%
12 Inter Milan Empire Romain Di Marco
31%
34 Bayern France Upamecano
30%
40 Réal Madrid Ta mère la pute Bellingham
26%
42 MU Portugal Bruno
25%
49 Liverpool Naziland Mac Allister
24%
48 Atletico Naziland Alvarez
23%
45 PSG Maroc Marquinhos
23%
31 Inter Milan Pays Bas De vrij
14%
7 Inter Milan Empire Ottoman Hakan
8%
46 Manchester City Egypte Mahmoush
1%
Aucun quiz correspondant
Distribution des résultats
% des personnes avec chaque résultat
Percentile par nombre de réponses
Votre historique - résultats
Vous n’avez pas pris ce quiz